000 00364cam a22001097a 4500
008 180718b1970 xxu||||| |||| 00| 0 eng d
082 _aT068x54 In2
245 _aTables with notes on couple fertility: national sample survey
_cby Cabinet Secretariat
260 _aNew Delhi
_bGovernment of India
_c1970
300 _a154 no. v.p.
700 _aIndia. Cabinet Secretariat
999 _c497126
_d497126